| 000 | 00902nam a2200277Ia 4500 | ||
|---|---|---|---|
| 003 | OSt | ||
| 005 | 20221007125804.0 | ||
| 006 | a|||||r|||| 00| 0 | ||
| 007 | ta | ||
| 008 | 221006b |||||||| |||| 00| 0 eng d | ||
| 020 | _a0131497499 (pbk) | ||
| 037 |
_b1881, 28/03/2007, Unilib Book Distributors _cTextbook |
||
| 040 |
_aDGL _cDGL _beng |
||
| 041 |
_2eng _aeng |
||
| 082 | _aH, P6 Carg | ||
| 100 |
_aLutgens Frederick K _9263360 |
||
| 245 | 0 | _aEssentials of geology | |
| 250 | _a9 | ||
| 260 |
_aNew Jersey _bPearson Education _c2006 |
||
| 300 |
_axvii,486p. Includes CD-Rom _ccm. |
||
| 500 | _aAppendix A-B 462-464p; Glossary 469-478p; Index 479-486p | ||
| 650 | _aGeology | ||
| 700 |
_a Tarbuck Edward J _9263361 |
||
| 942 |
_hH, P6 Carg _cTB _2CC |
||
| 999 |
_c1215822 _d1215822 |
||